000 00584nam a22001817a 4500
999 _c162866
_d162866
005 20190323111448.0
010 _aENG-124911
020 _a8185883793
_c250.00
035 _aEN-108443
037 _bDBAD/PUB
082 _a230.2
100 _aJyotirmayananda, Swami
245 _aMysticism of the ramayana/
_cby Swami Jyotirmayananda
260 _aGhaziabad, (U.P)
_bInternational Yoga Society
_c2013
270 _aLal Bagh, Loni
_bGhaziabad
_e201102
_k0120-2600237, 0120-2686938
_miysindia@gmail.com
300 _a264p.
_c21cm(pbk)
942 _2ddc
_cEN
_h230.2
_mJYO